000 005430000a22001810004500
003 MACL
005 20160303141223.0
008 160303b xxu||||| |||| 00| 0 eng d
040 _aMACL
_cMACL
041 _aHindi
082 _a800
100 _aभुवनेशवरीचरण सक्‍सेना
_942431
245 _aत्रिवेणी अवगाहक
260 _bरामप्रसाद एण्‍ड संस
_c1958
_aआगरा
350 _a3
650 _aLiteracture
_942432
942 _cHIN
_k800
_2ddc
999 _c25372
_d25372